000 00713nam a2200289Ia 4500
005 20260324113216.0
008 008 260324s9999 xx 000 0 eng d
020 _a9781003483618
037 _aEBOOK
040 _aCRL
040 _beng
040 _cCRL
041 _2eng
041 _aeng
084 _qCRL
100 _aThomas M. Besch; Harold Kincaid; Tarun Menon; Raphael van Riel
_91145857
245 0 _aCultural Domination
245 0 _bPhilosophical Perspectives
260 _bTaylor and Francis
260 _c2024
365 _a
365 _b220
856 _uhttp://www.taylorfrancis.com/books/9781003483618
942 _cEBOOK
999 _c1735388
_d1735388